| 000 | 00487nam a2200193Ia 4500 | ||
|---|---|---|---|
| 003 | GCL | ||
| 008 | 140319s9999 xx 000 0 eng d | ||
| 040 |
_aGCL / _cGCL |
||
| 082 | 0 | 4 |
_a702.812 _bL C |
| 100 | 1 | _aLELAND, NITA | |
| 245 | 1 | 0 |
_aCREATIVE COLLAGE TECHNIQUES / _cLELAND, NITA |
| 700 | 1 | _aWILLIAMS, VIRGINIA | |
| 260 |
_a[S.N] : _bNERTH LIGHT BOOKS ، _c1994 |
||
| 300 | _a134 P | ||
| 650 | 0 | 4 | _aCOLLAGE |
| 650 | 0 | 4 | _aARTS |
| 650 | 0 | 4 | _aCOLLAGE - TECHNIQUE |
| 942 |
_2ddc _cBK |
||
| 999 |
_c15805 _d15805 |
||